Ava Gardner's male partners on screen - Statistics

General Stats
  • This quiz has been taken 17 times
  • The average score is 5 of 11
Answer Stats
Hint Answer % Correct
Mogambo Clark Gable
100%
The Snows of Kilimanjaro Gregory Peck
69%
The Killers Burt Lancaster
62%
Seven days in May Kirk Douglas
54%
The Night of the Iguana Richard Burton
46%
Earthquake Charlton Heston
38%
Pandora and the Flying Dutchman James Mason
31%
My Forbidden Past Robert Mitchum
31%
Singapore Fred MacMurray
15%
Bhowani Junction Stewart Granger
15%
One touch of Venus Robert Walker
8%
No matching quizzes found
Score Distribution
Percent of People with Each Score
Percentile by Number Answered
Your Score History
You have not taken this quiz